| 000 -LEADER | |
|---|---|
| fixed length control field | 00376nam a22001577a 4500 |
| 005 - DATE AND TIME OF LATEST TRANSACTION | |
| control field | 20180321104834.0 |
| 008 - FIXED-LENGTH DATA ELEMENTS--GENERAL INFORMATION | |
| fixed length control field | 160621b xxu||||| |||| 00| 0 eng d |
| 041 ## - LANGUAGE CODE | |
| Language code of text/sound track or separate title | eng |
| 082 ## - DEWEY DECIMAL CLASSIFICATION NUMBER | |
| Item number | 8748 |
| Classification number | 338.5 |
| 100 ## - MAIN ENTRY--AUTHOR NAME | |
| Personal name | Sarkhel, Jaydeb |
| 245 ## - TITLE STATEMENT | |
| Title | Micro-economic Theory |
| 260 ## - PUBLICATION, DISTRIBUTION, ETC. (IMPRINT) | |
| Name of publisher | Proov Sundicate pvt.ltd |
| Year of publication | 2008 |
| 300 ## - PHYSICAL DESCRIPTION | |
| Number of Pages | 647 |
| 650 ## - SUBJECT ADDED ENTRY--TOPICAL TERM | |
| Topical Term | Management |
| 942 ## - ADDED ENTRY ELEMENTS (KOHA) | |
| Koha item type | Books |
| Lost status | Damaged status | Collection code | Home library | Current library | Shelving location | Date acquired | Source of acquisition | Cost, normal purchase price | Full call number | Accession Number | Koha item type |
|---|---|---|---|---|---|---|---|---|---|---|---|
| MANAGEMENT | JRU Library | JRU Library | SHELF-58-D | 21/06/2016 | PURCHASE | 175.00 | 338.5 | 8748 | Books | ||
| MANAGEMENT | JRU Library | JRU Library | SHELF-58-D | 21/06/2016 | PURCHASE | 175.00 | 338.5 | 8749 | Books |